LEADER 03485nam 22006854a 450 001 9910777654803321 005 20200520144314.0 010 $a0-8232-4827-5 010 $a0-8232-3579-3 010 $a0-8232-2497-X 010 $a1-4237-9644-6 024 7 $a2027/heb08566 035 $a(CKB)1000000000464949 035 $a(EBL)3239396 035 $a(SSID)ssj0000220753 035 $a(PQKBManifestationID)11172803 035 $a(PQKBTitleCode)TC0000220753 035 $a(PQKBWorkID)10157226 035 $a(PQKB)10578109 035 $a(StDuBDS)EDZ0000021309 035 $a(OCoLC)71002436 035 $a(MdBmJHUP)muse15052 035 $a(Au-PeEL)EBL3239396 035 $a(CaPaEBR)ebr10131768 035 $a(OCoLC)923762993 035 $a(MiAaPQ)EBC3239396 035 $a(dli)HEB08566 035 $a(MiU)MIU01000000000000009867461 035 $a(EXLCZ)991000000000464949 100 $a20090304d2005 uy 0 101 0 $aeng 135 $aur|n|---||||| 181 $ctxt 182 $cc 183 $acr 200 04$aThe phenomenology of prayer$b[electronic resource] /$fedited by Bruce Ellis Benson and Norman Wirzba 205 $a1st ed. 210 $aNew York $cFordham University Press$d2005 215 $a1 online resource (311 p.) 225 1 $aPerspectives in continental philosophy,$x1089-3938 ;$vno. 46 300 $aDescription based upon print version of record. 311 $a0-8232-2495-3 320 $aIncludes bibliographical references and index. 327 $aPrayer as the posture of the decentered self / Merold Westphal -- Who prays? Levinas on irremissible responsibility / Jill Robbins -- Becoming what we pray: passion's gentler resolutions / Edward F. Mooney -- Prayer as kenosis / James R. Mensch -- The prayers and tears of Friedrich Nietzsche / Bruce Ellis Benson -- Attention and responsibility: the work of prayer / Norman Wirzba -- Irigaray's Between East and West: breath, pranayama, and the phenomenology of prayer / Cleo McNelly Kearns -- Heidegger and the prospect of a phenomenology of prayer / Benjamin Crowe -- Edith Stein: prayer and interiority / Terrence C. Wright -- "Too deep for words": the conspiracy of a divine "soliloquy" / B. Keith Putt -- Plus de secret: the paradox of prayer / Brian Treanor -- Praise--pure and personal? Jean-Luc Marion's phenomenologies of prayer / Christina M. Gschwandtner -- The saving or sanitizing of prayer: the problem of the sans in Derrida's account of prayer / Mark Gedney -- How (not) to find God in all things: Derrida, Levinas, and St. Ignatius of Loyola on learning how to pray for the impossible / Michael F. Andrews -- Prayer and incarnation: a homiletical reflection / Lissa McCullough -- The infinite supplicant: on a limit and a prayer / Mark Cauchi -- Proslogion / Philip Goodchild. 330 8 $aThis collection of groundbreaking essays considers the many dimensions of prayer, and takes up the meaning of prayer from within a uniquely phenomenological point of view. 410 0$aPerspectives in continental philosophy ;$vno. 46. 606 $aPrayer 606 $aPhenomenology 615 0$aPrayer. 615 0$aPhenomenology. 676 $a204/.3 701 $aBenson$b Bruce Ellis$f1960-$0850527 701 $aWirzba$b Norman$0883172 801 0$bMiAaPQ 801 1$bMiAaPQ 801 2$bMiAaPQ 906 $aBOOK 912 $a9910777654803321 996 $aThe phenomenology of prayer$91972824 997 $aUNINA LEADER 02770nam 2200553 450 001 9910815447603321 005 20230613110621.0 010 $a1-119-43730-X 010 $a1-119-43759-8 010 $a1-119-43727-X 035 $a(CKB)4100000001115702 035 $a(MiAaPQ)EBC5330810 035 $a(Au-PeEL)EBL5330810 035 $a(CaPaEBR)ebr11534888 035 $a(OCoLC)1019844845 035 $a(NjHacI)994100000001115702 035 $a(BIP)059721035 035 $a(EXLCZ)994100000001115702 100 $a20180425d2018 uy 0 101 0 $aeng 135 $aurcnu|||||||| 181 $ctxt$2rdacontent 182 $cc$2rdamedia 183 $acr$2rdacarrier 200 14$aThe ADA practical guide to soft tissue oral disease /$fMichael A. Kahn, J. Michael Hall 205 $aSecond edition. 210 1$aHoboken, New Jersey :$cWiley Blackwell,$d[2018] 210 4$dİ2018 215 $a1 online resource (279 pages) 225 0 $aPractical guide series (American Dental Association) 311 $a1-119-43733-4 320 $aIncludes bibliographical references and index. 327 $aThe extraoral and intraoral soft tissue head and neck screening examination -- Soft tissue head and neck pathology description and documentation -- Common oral soft tissue lesions -- Differential diagnosis of common oral soft tissue lesions -- Guidelines for observation and/or referral of patients lesions -- The art and science of biopsy and cytology -- Sample patient histories and discussion. 330 8 $aThe ADA Practical Guide to Soft Tissue Oral Disease, Second Edition is a fully updated new edition of this popular guide to oral and maxillofacial diseases likely to be encountered in general or specialist dental practices. Easy-to-use, updated resource with brief synopses for everyday clinical reference Includes self-testing clinicopathologic exercises to help readers further their skills and gain confidence in their knowledge Focuses on decision making, from communicating diagnoses to developing and discussing treatment plans Presents clinically oriented information on the most important aspects of common oral and maxillofacial diseases Features detailed color illustrations, treatment algorithms, differential diagnosis, and case examples with discussion 606 $aMouth$xDiseases 610 $aMouth 610 $aMedical 615 0$aMouth$xDiseases. 676 $a617.522 700 $aKahn$b Michael A.$01608820 702 $aHall$b J. Michael 712 02$aAmerican Dental Association, 801 0$bMiAaPQ 801 1$bMiAaPQ 801 2$bMiAaPQ 906 $aBOOK 912 $a9910815447603321 996 $aThe ADA practical guide to soft tissue oral disease$93935764 997 $aUNINA LEADER 02911oam 2200637zu 450 001 9910305146503321 005 20250709221929.0 010 $a9791091281256 010 $a9791091281928 024 7 $a10.4000/books.pressesenssib.2483 035 $a(CKB)3710000000381401 035 $a(SSID)ssj0001479415 035 $a(PQKBManifestationID)12613357 035 $a(PQKBTitleCode)TC0001479415 035 $a(PQKBWorkID)11482332 035 $a(PQKB)11229209 035 $z(PPN)234056142 035 $a(FrMaCLE)OB-pressesenssib-2483 035 $a(oapen)https://directory.doabooks.org/handle/20.500.12854/39908 035 $a(PPN)267930909 035 $a(FR-PaCSA)88909652 035 $a(FRCYB88909652)88909652 035 $a(oapen)doab39908 035 $a(EXLCZ)993710000000381401 100 $a20160829d2014 uy 101 0 $afre 135 $auu||||||m|||| 181 $ctxt 182 $cc 183 $acr 200 10$a50 ans d'histoire du livre, 1958-2008 210 $cPresses de l?enssib$d2014 210 31$a[Place of publication not identified]$cPresses de l'Enssib$d2014 215 $a1 online resource (224 p.) 225 0 $aPapiers 50 ans d'histoire du livre, 1958-2008 300 $aBibliographic Level Mode of Issuance: Monograph 311 08$a9791091281157 330 8 $aEn 1958, Albin Michel publie L'Apparition du livre, dans la collection L'E?volution de l'humanite? cre?e?e par Henri Berr. Cet ouvrage, re?dige? par Lucien Febvre et Henri-Jean Martin, n'est pas le seul a? traiter de la question de l'imprimerie, de la civilisation du livre, mais il innove dans sa tentative d'e?crire et de penser une histoire sociale, politique et e?conomique. Le sous-titre: " le livre, ce ferment " e?largissait l'horizon et ne se limitait pas au livre " cette marchandise ".0La publication de L'Apparition du livre marque aussi l'arrive?e d'un jeune bibliothe?caire, Henri-Jean Martin, en poste a? la Bibliothe?que nationale: il n'a, a? cette date, que 34 ans. L'ouvrage eut a? ses de?buts un e?cho commercial limite?: il deviendra un ouvrage de re?fe?rence, trois fois re?e?dite?; et surtout, Henri-Jean Martin a poursuivi cette voie fe?conde de recherche pluridisciplinaire, propre aussi aux anne?es 1970.0. 606 $aBook industries and trade$xHistory$vCongresses 606 $aBooks$xHistory$vCongresses 606 $aEducation$2HILCC 606 $aSocial Sciences$2HILCC 606 $aBook Studies & Arts$2HILCC 615 0$aBook industries and trade$xHistory 615 0$aBooks$xHistory 615 7$aEducation 615 7$aSocial Sciences 615 7$aBook Studies & Arts 676 $a002.09 700 $aDominique Varry$4auth$0163816 702 $aVarry$b Dominique 801 0$bPQKB 906 $aBOOK 912 $a9910305146503321 996 $a50 ans d'histoire du livre$93394934 997 $aUNINA